000 00642nam a2200205Ia 4500
001 15401
003 GE_BSU
008 181216s||||||||xx |||||||||||||| ||und||
040 _cGE_BSU
080 _a82-93:821.353.1-32
100 _aქორქია,როდიონ
245 _aკარგი ამხანაგი
245 _cრედ.ვ.ძიძიგური. მხატვ.დ. კონსტანტინოვი
260 _aთბილისი
260 _bნაკადული
260 _c1970
300 _a58გვ.21სმ.
653 _aკარგი ამხანაგი
942 _cBK
999 _c48504
_d48504